000 01261nam a2200325Ia 4500
001 ebr10587599
003 CaPaEBR
006 m u
007 cr cn|||||||||
008 120523s2012 cau s 001 0 eng d
010 _z 2012016812
020 _z9781118242384 (hardback)
020 _z9781118285015
040 _aCaPaEBR
_cCaPaEBR
035 _a(OCoLC)794306434
050 1 4 _aLB2331.66
_b.W67 2012eb
082 0 4 _a378.1/1
_223
100 1 _aCrookston, Robert Kent,
_d1943-
245 1 0 _aWorking with problem faculty
_h[electronic resource] :
_ba six-step guide for department chairs /
_cR. Kent Crookston.
260 _aSan Francisco :
_bJossey-Bass,
_c2012.
300 _aviii, 226 p.
500 _aIncludes index.
533 _aElectronic reproduction.
_bPalo Alto, Calif. :
_cebrary,
_d2011.
_nAvailable via World Wide Web.
_nAccess may be limited to ebrary affiliated libraries.
650 0 _aCollege personnel management.
650 0 _aCollege department heads
_xProfessional relationships.
650 0 _aProblem employees.
655 7 _aElectronic books.
_2local
710 2 _aebrary, Inc.
856 4 0 _uhttp://site.ebrary.com/lib/rucke/Doc?id=10587599
_zAn electronic book accessible through the World Wide Web; click to view
999 _c107933
_d107933